| 000 | 00404nam a2200145Ia 4500 | ||
|---|---|---|---|
| 005 | 20251222152024.0 | ||
| 008 | 251222s9999||||xx |||||||||||||| ||spa|| | ||
| 020 | _a8439824424 | ||
| 082 | _a338.174.31/A11 | ||
| 100 | _aAbad García, Vicente | ||
| 245 | 0 | _aHistoria de la Naranja 1781-1939 | |
| 250 | _a1ra.ed. | ||
| 264 | _bComité de la Gestión de la Exportación de Frutos Cítricos | ||
| 942 | _cLIB | ||
| 999 |
_c25411 _d25411 |
||